Piłkarska kariera Mikela Artety. - Statystyki

Ogólne statystyki
  • Ten quiz został rozwiązany 45 razy
  • Średni wynik to 4 z 7
Statystyki odpowiedzi
Lata Drużyna % Poprawnych
2011-2016 Arsenal
100%
2000-2002 Barcelona
55%
2005-2005 Everton
55%
2005-2011 Everton
55%
2004-2005 Real Sociedad
35%
2001-2002 PSG
33%
2002-2004 Rangers
25%
Nie znaleziono quizów pasujących do podanych kryteriów
Rozkład punktacji
Procent ludzi z każdym wynikiem
Percentyl według liczby udzielonych odpowiedzi
Twoja historia wyników
Nie rozwiązałeś tego quizu